[Event "2.BLS 0203 SG Kirchheim - SK Viernheim"]
[Site "?"]
[Date "2002.12.15"]
[Round "3.4"]
[White "Vonthron, Horst"]
[Black "Wegerle, Joerg"]
[Result "1/2-1/2"]
[WhiteElo "2351"]
[BlackElo "2365"]
[PlyCount "65"]
[EventDate "2002.??.??"]

1. e4 c5 2. Nf3 e6 3. Nc3 Nc6 4. d4 cxd4 5. Nxd4 Qc7 6. g3 a6 7. Bg2 d6 8. O-O
Bd7 9. Kh1 Be7 10. f4 Rc8 11. f5 Nxd4 12. Qxd4 Bf6 13. Qa7 Bc6 14. Be3 Bxc3 15.
bxc3 e5 16. Rfe1 Nf6 17. Bg5 Qa5 18. Bxf6 gxf6 19. Re3 Ke7 20. Rd3 Qc5 21. Qxc5
dxc5 22. Kg1 Rhd8 23. Kf2 Ba4 24. Rc1 c4 25. Rxd8 Rxd8 26. Ke3 Rd7 27. Bf1 b5
28. Be2 Kd8 29. a3 Kc7 30. Bh5 Kb6 31. Rd1 Kc6 32. Rxd7 Kxd7 33. Kd2 1/2-1/2

[Event "2.BLS 0203 SG Kirchheim - SK Viernheim"]
[Site "?"]
[Date "2002.12.15"]
[Round "3.5"]
[White "Spiegel, Stefan Dr"]
[Black "Beckhuis, Gernod"]
[Result "1/2-1/2"]
[WhiteElo "2288"]
[BlackElo "2283"]
[PlyCount "42"]
[EventDate "2002.??.??"]

1. e4 c5 2. f4 e6 3. Nf3 Nc6 4. Bb5 Nge7 5. O-O a6 6. Bxc6 Nxc6 7. d3 Be7 8.
Nc3 d6 9. Bd2 Bd7 10. Qe1 Qb6 11. Rb1 Nd4 12. Qd1 O-O 13. f5 Bf6 14. Kh1 Rae8
15. fxe6 fxe6 16. Ne2 Qd8 17. Nf4 Nxf3 18. Qxf3 e5 19. Nd5 Bg5 20. Qe2 Be6 21.
c4 Bxd2 1/2-1/2

[Event "2.BLS 0203 SG Kirchheim - SK Viernheim"]
[Site "?"]
[Date "2002.12.15"]
[Round "3.6"]
[White "Wippermann, Till"]
[Black "Tresch, Ralf"]
[Result "1-0"]
[WhiteElo "2354"]
[BlackElo "2287"]
[PlyCount "51"]
[EventDate "2002.??.??"]

1. e4 c5 2. Nc3 Nc6 3. f4 d6 4. Nf3 Nf6 5. Bc4 e6 6. d3 Na5 7. O-O Nxc4 8. dxc4
Be7 9. Qe1 O-O 10. e5 Ne8 11. Be3 Qc7 12. Rd1 Bd7 13. Qg3 Bc6 14. Ng5 Rd8 15.
f5 dxe5 16. Rxd8 Qxd8 17. fxe6 f6 18. Nf7 Qc8 19. Nh6+ Kh8 20. Nf7+ Kg8 21. Qg4
h5 22. Nh6+ Kh7 23. Qxh5 Qxe6 24. Nf5+ Kg8 25. Nd5 Rf7 26. Rf3 1-0

[Event "2.BLS 0203 SG Kirchheim - SK Viernheim"]
[Site "?"]
[Date "2002.12.15"]
[Round "3.7"]
[White "Schmidt, Stefan"]
[Black "Rudolph, Johannes"]
[Result "1/2-1/2"]
[WhiteElo "2232"]
[BlackElo "2260"]
[PlyCount "33"]
[EventDate "2002.??.??"]

1. e4 Nf6 2. e5 Nd5 3. d4 d6 4. c4 Nb6 5. exd6 cxd6 6. d5 e5 7. dxe6 Bxe6 8.
Nc3 d5 9. cxd5 Nxd5 10. Bb5+ Nc6 11. Nge2 Nxc3 12. Qxd8+ Rxd8 13. Nxc3 Bb4 14.
O-O O-O 15. Bxc6 bxc6 16. Be3 Bxc3 17. bxc3 1/2-1/2

[Event "2.BLS 0203 Karlsruher SF - Schmiden Can"]
[Site "?"]
[Date "2002.12.15"]
[Round "3.1"]
[White "Holzhaeuer, Mathias"]
[Black "Arnold, Lothar"]
[Result "1/2-1/2"]
[WhiteElo "2407"]
[BlackElo "2360"]
[PlyCount "103"]
[EventDate "2002.??.??"]

1. e4 c5 2. Nf3 e6 3. c3 d5 4. exd5 exd5 5. d4 Nc6 6. Be2 Bd6 7. O-O Nge7 8.
Bg5 O-O 9. Bh4 Re8 10. Bg3 Bxg3 11. hxg3 b6 12. Na3 Bf5 13. Nc2 Qd6 14. Ne3 Be4
15. Qa4 Nf5 16. Nxf5 Bxf5 17. Rfe1 Bd7 18. Qa3 Re7 19. Bf1 Rae8 20. Rxe7 Qxe7
21. Rd1 cxd4 22. Qxe7 Rxe7 23. Nxd4 Nxd4 24. Rxd4 Be6 25. Bb5 Bd7 26. Rxd5 Bxb5
27. Rxb5 Re1+ 28. Kh2 Re2 29. f3 Kf8 30. a4 Ke7 31. b3 Kd6 32. a5 Kc6 33. c4 f6
34. f4 Ra2 35. axb6 axb6 36. g4 Ra5 37. Rxa5 bxa5 38. Kg3 Kc5 39. Kf3 Kb4 40.
Ke3 Kxb3 41. c5 a4 42. c6 a3 43. c7 a2 44. c8=Q a1=Q 45. Qb7+ Kc4 46. Qc7+ Kd5
47. Qd7+ Kc5 48. Qf5+ Kd6 49. Qxh7 Qc1+ 50. Kf3 Qc3+ 51. Ke2 Qb2+ 52. Kf3
1/2-1/2

[Event "2.BLS 0203 Karlsruher SF - Schmiden Can"]
[Site "?"]
[Date "2002.12.15"]
[Round "3.2"]
[White "Werner, Clemens"]
[Black "Schnepp, Gunnar"]
[Result "1-0"]
[WhiteElo "2351"]
[BlackElo "2278"]
[PlyCount "60"]
[EventDate "2002.??.??"]

1. e4 e6 2. d4 d5 3. Nc3 Nf6 4. Bg5 Be7 5. e5 Nfd7 6. Bxe7 Qxe7 7. f4 O-O 8.
Nf3 c5 9. Bd3 f5 10. exf6 Qxf6 11. g3 Nc6 12. dxc5 Nxc5 13. O-O Bd7 14. Qd2 Be8
15. Rae1 Bg6 16. Bxg6 Qxg6 17. Ne5 Nxe5 18. Rxe5 Rad8 19. Qd4 b6 20. f5 exf5
21. Nxd5 Kh8 22. c4 Ne4 23. Qe3 Rde8 24. Qf4 Rxe5 25. Qxe5 Nd6 26. b3 Re8 27.
Ne7 Qh6 28. Rd1 Nf7 29. Ng6+ hxg6 30. Qxe8+ Kh7 1-0

[Event "2.BLS 0203 Karlsruher SF - Schmiden Can"]
[Site "?"]
[Date "2002.12.15"]
[Round "3.3"]
[White "Trachtmann, Mark"]
[Black "Gerstner, Wolfgang"]
[Result "0-1"]
[WhiteElo "2314"]
[BlackElo "2374"]
[PlyCount "86"]
[EventDate "2002.??.??"]

1. d4 d5 2. c4 e6 3. Nc3 c6 4. cxd5 exd5 5. Qc2 g6 6. Nf3 Bf5 7. Qd1 Nd7 8. Bf4
Ngf6 9. e3 Be7 10. Be2 O-O 11. O-O Re8 12. h3 Ne4 13. Rc1 Nb6 14. Bd3 Nxc3 15.
bxc3 Bxd3 16. Qxd3 Nc4 17. Nd2 Nxd2 18. Qxd2 b5 19. Qd3 Bd6 20. Bxd6 Qxd6 21.
Rce1 Re6 22. f3 Rae8 23. Re2 f5 24. Rfe1 Qe7 25. Kf2 {(=)} a5 26. Kg1 a4 27.
Kf2 Kg7 28. Kg1 h5 29. Kf2 Qf6 30. Kg1 Qh4 31. Kh2 f4 32. exf4 Qxe1 33. Rxe1
Rxe1 34. f5 R8e3 35. Qc2 R1e2 36. Qd1 gxf5 37. Kg3 Rxa2 38. Qb1 Rae2 39. Kf4
Re6 40. g4 hxg4 41. hxg4 fxg4 42. c4 gxf3 43. cxd5 Rf6+ 0-1

[Event "2.BLS 0203 Karlsruher SF - Schmiden Can"]
[Site "?"]
[Date "2002.12.15"]
[Round "3.4"]
[White "Duschek, Volker"]
[Black "Birk, Steffen"]
[Result "1/2-1/2"]
[WhiteElo "2321"]
[BlackElo "2272"]
[PlyCount "45"]
[EventDate "2002.??.??"]

1. e4 Nf6 2. e5 Nd5 3. d4 d6 4. Nf3 dxe5 5. Nxe5 c6 6. Bc4 Nd7 7. Nd3 N7b6 8.
Bb3 Bf5 9. O-O e6 10. Re1 Be7 11. Nc5 Nd7 12. Nxd7 Qxd7 13. Nd2 O-O 14. Nf3 Qc7
15. Ne5 Bd6 16. Qf3 Nb4 17. Qe2 c5 18. a3 Nc6 19. Nxc6 Qxc6 20. dxc5 Bxc5 21.
Bf4 Rfd8 22. Rad1 Rd4 23. Be3 {(=)} 1/2-1/2

[Event "2.BLS 0203 Karlsruher SF - Schmiden Can"]
[Site "?"]
[Date "2002.12.15"]
[Round "3.5"]
[White "Krockenberger, Martin"]
[Black "Karst, Elmar"]
[Result "1-0"]
[WhiteElo "2264"]
[BlackElo "2280"]
[PlyCount "84"]
[EventDate "2002.??.??"]

1. c4 g6 2. g3 Bg7 3. Bg2 Nf6 4. Nc3 O-O 5. d3 c5 6. a3 Nc6 7. Rb1 Ne8 8. Nf3
Rb8 9. h4 h5 10. Bg5 a6 11. Qd2 d6 12. b4 Bf5 13. O-O Kh7 14. Nd5 f6 15. Be3 e6
16. Nc3 cxb4 17. axb4 e5 18. b5 Ne7 19. bxa6 bxa6 20. Rxb8 Qxb8 21. Rb1 Qc8 22.
Rb6 Bd7 23. Qa2 Nc7 24. Rxd6 Nf5 25. Rb6 Nxe3 26. fxe3 Bh6 27. Kf2 Bf5 28. Qa3
Rf7 29. Nd2 Bh3 30. Bf3 f5 31. Nd5 f4 32. exf4 exf4 33. Nxf4 Qd8 34. Qd6 Qg8
35. Ne4 Ne8 36. Qe5 Bf5 37. Rb8 Bxe4 38. Rxe8 Qg7 39. Qxg7+ Kxg7 40. Rxe4 Ra7
41. c5 Kf6 42. Ra4 Bf8 1-0

[Event "2.BLS 0203 Karlsruher SF - Schmiden Can"]
[Site "?"]
[Date "2002.12.15"]
[Round "3.6"]
[White "Bach, Edwin"]
[Black "Thoma, Christian"]
[Result "1/2-1/2"]
[WhiteElo "2302"]
[BlackElo "2239"]
[PlyCount "55"]
[EventDate "2002.??.??"]

1. e4 Nf6 2. e5 Nd5 3. d4 d6 4. Nf3 Bg4 5. Be2 e6 6. O-O Be7 7. c4 Nb6 8. Nc3
O-O 9. Be3 N8d7 10. b3 dxe5 11. Nxe5 Nxe5 12. Bxg4 Nxg4 13. Qxg4 Kh8 14. Qf3 c6
15. Rad1 Bb4 16. Ne2 Nd7 17. Bc1 Qa5 18. a4 Rad8 19. Bb2 Qc7 20. h3 Bd6 21. Nc3
Nf6 22. Rd3 Rd7 23. Rfd1 Rfd8 24. Ne4 Nxe4 25. Qxe4 Be7 26. Bc1 Bf6 27. Be3 Qa5
28. Kh1 {(=)} 1/2-1/2

[Event "2.BLS 0203 Karlsruher SF - Schmiden Can"]
[Site "?"]
[Date "2002.12.15"]
[Round "3.7"]
[White "Loehr, Markus"]
[Black "Fecht, Hans-Peter"]
[Result "1-0"]
[WhiteElo "2199"]
[BlackElo "2241"]
[PlyCount "93"]
[EventDate "2002.??.??"]

1. d4 Nf6 2. c4 e6 3. g3 d5 4. Bg2 Be7 5. Nf3 O-O 6. O-O dxc4 7. Qc2 a6 8. a4
Bd7 9. Qxc4 Bc6 10. Bg5 Bd5 11. Qd3 Be4 12. Qe3 Nbd7 13. Bxf6 Nxf6 14. Nc3 Bxf3
15. Bxf3 c6 16. Rfd1 a5 17. Qd3 Nd5 18. Rac1 Qd7 19. Qc4 Rfd8 {(=)} 20. e4 Nxc3
21. Rxc3 Bb4 22. Rcd3 Rac8 23. e5 g6 24. h4 h5 25. Qc1 Kg7 26. Qf4 Qe7 27. Kg2
Rh8 28. Be4 Rc7 29. Rf3 Rd7 30. Qe3 Qd8 31. Rd3 Rf8 32. Rf4 Be7 33. Qd2 Qb6 34.
b3 Qd8 35. Qd1 Rh8 36. Rdf3 Rf8 37. Bb1 Qb6 38. Qc2 Bd8 39. Rxf7+ Rfxf7 40.
Qxg6+ Kf8 41. Qh6+ Kg8 42. Bh7+ Kh8 43. Bg6+ Kg8 44. Bxf7+ Rxf7 45. Qg6+ Rg7
46. Qe8+ Kh7 47. Rf8 1-0

[Event "2.BLS 0203 Karlsruher SF - Schmiden Can"]
[Site "?"]
[Date "2002.12.15"]
[Round "3.8"]
[White "Schlager, Thomas"]
[Black "Bauer, Manfred"]
[Result "1-0"]
[WhiteElo "2282"]
[BlackElo "2246"]
[PlyCount "51"]
[EventDate "2002.??.??"]

1. d4 Nf6 2. c4 g6 3. Nc3 d5 4. f3 Bg7 5. e4 dxe4 6. fxe4 O-O 7. Nf3 Bg4 8. Be2
Nfd7 9. O-O Nc6 10. e5 Nb6 11. Be3 f6 12. e6 f5 13. d5 Bxf3 14. gxf3 Ne5 15.
Bxb6 cxb6 16. f4 Ng4 17. Bxg4 fxg4 18. Qxg4 Qc7 19. f5 Rxf5 20. Rxf5 gxf5 21.
Qxf5 Rf8 22. Qd3 Be5 23. Rf1 Bxh2+ 24. Kh1 Bf4 25. Ne2 Qe5 26. Rxf4 1-0

[Event "2.BLS 0203 SCA St.Ingbert -SK Bebenhaus"]
[Site "St. Ingbert"]
[Date "2002.12.15"]
[Round "3.1"]
[White "Gheng, Josef"]
[Black "Marcelin, Cyril"]
[Result "0-1"]
[WhiteElo "2314"]
[BlackElo "2470"]
[PlyCount "64"]
[EventDate "2002.12.15"]

1. c4 b6 2. Nc3 Bb7 3. d4 e6 4. a3 Nf6 5. f3 d5 6. Bg5 Be7 7. Nh3 O-O 8. Qb3
Nc6 9. cxd5 Nxd5 10. Bxe7 Ndxe7 11. e3 Nf5 12. Ne4 e5 13. g4 Nh4 14. O-O-O exd4
15. Qc2 Nxf3 16. Bg2 Nce5 17. exd4 Nxd4 18. Qf2 c5 19. Rhe1 Qd7 20. g5 Qe6 21.
Kb1 Qb3 22. Nf4 Nc4 23. Rd3 Nxa3+ 24. Kc1 Qc4+ 25. Nc3 Nb3+ 26. Kd1 Bxg2 27.
bxa3 Rad8 28. Ree3 Qxc3 29. Qxg2 Qa1+ 30. Ke2 Nc1+ 31. Kf3 Nxd3 32. Nxd3 Qd1+
0-1

[Event "2.BLS 0203 SCA St.Ingbert -SK Bebenhaus"]
[Site "St. Ingbert"]
[Date "2002.12.15"]
[Round "3.2"]
[White "Lazarev, Vladimir"]
[Black "Gohil, Harry"]
[Result "1-0"]
[WhiteElo "2477"]
[BlackElo "2354"]
[PlyCount "71"]
[EventDate "2002.12.15"]

1. d4 Nf6 2. c4 g6 3. Nc3 Bg7 4. e4 O-O 5. h3 d6 6. Bg5 c5 7. d5 b5 8. cxb5 a6
9. a4 Qa5 10. Bd2 Qb4 11. Bd3 Nfd7 12. Nf3 c4 13. Be2 Nc5 14. O-O Bd7 15. Qc2
Nb3 16. Rab1 axb5 17. axb5 Rc8 18. Bg5 Kf8 19. Nd2 Nd4 20. Qd1 Bxb5 21. Nxb5
Qxb5 22. b3 Nxe2+ 23. Qxe2 Ra2 24. bxc4 Qa6 25. Qg4 h6 26. Rb6 f5 27. Rxa6 Nxa6
28. exf5 hxg5 29. f6 Rc7 30. fxg7+ Kxg7 31. Nf3 Rc2 32. Nxg5 R7xc4 33. Qe6 Kh6
34. Qxe7 Rc7 35. Qxd6 Kxg5 36. Qxa6 1-0

[Event "2.BLS 0203 SCA St.Ingbert -SK Bebenhaus"]
[Site "St. Ingbert"]
[Date "2002.12.15"]
[Round "3.3"]
[White "Hönsch, Matthias"]
[Black "Pirrot, Dieter"]
[Result "0-1"]
[WhiteElo "2312"]
[BlackElo "2421"]
[PlyCount "60"]
[EventDate "2002.12.15"]

1. Nf3 Nc6 2. d4 d5 3. c4 Bg4 4. cxd5 Bxf3 5. gxf3 Qxd5 6. e3 e5 7. Nc3 Bb4 8.
Bd2 Bxc3 9. bxc3 Qd6 10. Rb1 b6 11. f4 exf4 12. e4 Nge7 13. Qf3 O-O 14. Bxf4
Qe6 15. Bd3 Ng6 16. Bxc7 Rac8 17. Bg3 f5 18. Qe2 Nxd4 19. cxd4 f4 20. Bc2 Qh3
21. Bb3+ Kh8 22. Qf1 Qh6 23. Rd1 Rce8 24. Bc2 Ne7 25. Qg2 Nd5 26. O-O f3 27.
Qh1 Nf4 28. h4 Ne2+ 29. Kh2 Rf4 30. Kh3 g5 0-1

[Event "2.BLS 0203 SCA St.Ingbert -SK Bebenhaus"]
[Site "St. Ingbert"]
[Date "2002.12.15"]
[Round "3.4"]
[White "Parmentier, Xavier"]
[Black "Lorscheid, Gerhard"]
[Result "1/2-1/2"]
[WhiteElo "2348"]
[BlackElo "2307"]
[PlyCount "95"]
[EventDate "2002.12.15"]

1. d4 d6 2. Nf3 Nf6 3. c4 g6 4. Nc3 Bg7 5. e4 O-O 6. Be2 c5 7. O-O cxd4 8. Nxd4
Nc6 9. Be3 Bd7 10. Qd2 Nxd4 11. Bxd4 Bc6 12. f3 a5 13. b3 Nd7 14. Be3 Nc5 15.
Rab1 Qb6 16. Rfc1 Rfc8 17. Rc2 Qd8 18. a3 h5 19. Bf1 Kh7 20. b4 axb4 21. axb4
Na4 22. Ne2 Qf8 23. Nd4 Bh6 24. Nxc6 Bxe3+ 25. Qxe3 Rxc6 26. c5 dxc5 27. bxc5
Qc8 28. Ra1 Nb6 29. Rxa8 Nxa8 30. Bb5 Rc7 31. Qd4 Qh8 32. e5 Rc8 33. Rd2 Nc7
34. Bc4 Qe8 35. Qd7 Kg7 36. Kf2 Qxd7 37. Rxd7 Kf8 38. Ke3 Ke8 39. Rd3 Ra8 40.
Rb3 Ra7 41. h4 e6 42. g4 Kd7 43. gxh5 gxh5 44. f4 Ra4 45. Kd4 Kc8 46. Rb2 Nd5
47. f5 Ne3 48. Kxe3 1/2-1/2

[Event "2.BLS 0203 SCA St.Ingbert -SK Bebenhaus"]
[Site "St. Ingbert"]
[Date "2002.12.15"]
[Round "3.5"]
[White "Kabisch, Thilo"]
[Black "Becking, Stephan"]
[Result "1-0"]
[WhiteElo "2310"]
[BlackElo "2315"]
[PlyCount "59"]
[EventDate "2002.12.15"]

1. e4 e6 2. d4 d5 3. e5 c5 4. c3 Qb6 5. Nf3 Nc6 6. a3 Bd7 7. b4 cxb4 8. cxb4
Rc8 9. Be3 Nh6 10. Nbd2 Nf5 11. Nb3 a5 12. b5 Nxe3 13. fxe3 Na7 14. a4 Bb4+ 15.
Kf2 O-O 16. Bd3 f6 17. exf6 Rxf6 18. Rf1 Rcf8 19. Qc2 Rh6 20. Nc5 Qd6 21. Kg1
Rc8 22. b6 Qxb6 23. Ng5 g6 24. Nxd7 Qd6 25. Qxc8+ Nxc8 26. Nf6+ Kf8 27. Nfe4+
Ke8 28. Bb5+ Qc6 29. Bxc6+ bxc6 30. Nf6+ 1-0

[Event "2.BLS 0203 SCA St.Ingbert -SK Bebenhaus"]
[Site "St. Ingbert"]
[Date "2002.12.15"]
[Round "3.6"]
[White "Drollinger, Dennis"]
[Black "Dr. Mäurer, Christoph"]
[Result "1-0"]
[WhiteElo "2281"]
[BlackElo "2330"]
[PlyCount "105"]
[EventDate "2002.12.15"]

1. e4 Nf6 2. e5 Nd5 3. d4 d6 4. Nf3 Nc6 5. c4 Nb6 6. e6 fxe6 7. Bd3 e5 8. d5
Nb4 9. Be4 e6 10. Ng5 Qf6 11. a3 exd5 12. Nxh7 Qf7 13. Ng5 Qf6 14. cxd5 Na6 15.
Qc2 Be7 16. Bg6+ Kf8 17. Nc3 c6 18. dxc6 bxc6 19. O-O d5 20. Nh7+ Rxh7 21. Bxh7
Nc5 22. Ne2 Ba6 23. b4 Ne6 24. Bb2 Qh6 25. Qf5+ Qf6 26. Bxe5 Qxf5 27. Bxf5 Bxe2
28. Rfe1 Nc4 29. Rxe2 Nxe5 30. Rxe5 Bf6 31. Rxe6 Bxa1 32. Rxc6 d4 33. Kf1 Re8
34. Rc8 Rxc8 35. Bxc8 Ke7 36. Ke2 Kd6 37. Kd3 Bb2 38. a4 Bc3 39. b5 Kc5 40. f4
Kb4 41. Bd7 Kc5 42. Bc6 Ba5 43. g3 Bb6 44. Bf3 Kb4 45. Bd1 Kc5 46. h4 Ba5 47.
h5 Be1 48. g4 Bg3 49. Ke4 Kd6 50. g5 Ke7 51. a5 d3 52. b6 axb6 53. a6 1-0

[Event "2.BLS 0203 SCA St.Ingbert -SK Bebenhaus"]
[Site "St. Ingbert"]
[Date "2002.12.15"]
[Round "3.7"]
[White "Stoll, Ferdinand"]
[Black "Groß, Georg"]
[Result "1-0"]
[WhiteElo "2277"]
[BlackElo "2317"]
[PlyCount "77"]
[EventDate "2002.12.15"]

1. c4 f5 2. Nc3 Nf6 3. g3 g6 4. Bg2 Bg7 5. d3 d6 6. e4 e5 7. Nge2 O-O 8. O-O c6
9. h3 Be6 10. b3 Na6 11. exf5 gxf5 12. d4 Kh8 13. Ba3 Rg8 14. d5 cxd5 15. Nxd5
Ne4 16. Nec3 Nac5 17. Nxe4 Nxe4 18. Qh5 Qd7 19. Rad1 Bf7 20. Qh4 Bxd5 21. Rxd5
Bf6 22. Rxd6 Qg7 23. Rxf6 Nxf6 24. Bxb7 Rad8 25. Bb2 Rge8 26. Bc6 Re7 27. Re1
Rd6 28. Bg2 Rde6 29. Bd5 Nxd5 30. cxd5 Rh6 31. Qc4 Qf6 32. Qc8+ Kg7 33. f4 Qb6+
34. Kg2 Kf7 35. Qxf5+ Rf6 36. Qh5+ Kg8 37. Rxe5 Rxe5 38. Qxe5 Rg6 39. Qe8# 1-0

[Event "2.BLS 0203 SCA St.Ingbert -SK Bebenhaus"]
[Site "St. Ingbert"]
[Date "2002.12.15"]
[Round "3.8"]
[White "Mackensy, Thomas"]
[Black "Sinz, Bernhard"]
[Result "1-0"]
[WhiteElo "2197"]
[BlackElo "2212"]
[PlyCount "71"]
[EventDate "2002.12.15"]

1. c4 e5 2. Nc3 Nc6 3. Nf3 f5 4. d4 e4 5. Nd2 d6 6. e3 Nf6 7. Be2 g6 8. O-O Bg7
9. Rb1 O-O 10. b4 Ne7 11. a4 Be6 12. b5 Bf7 13. a5 Re8 14. Qb3 Qd7 15. Ba3 Rad8
16. Rfd1 Nc8 17. Qa4 g5 18. c5 f4 19. b6 axb6 20. Qxd7 Nxd7 21. axb6 cxb6 22.
cxd6 fxe3 23. fxe3 Nf6 24. Bb5 Re6 25. Bc4 Ree8 26. Bxf7+ Kxf7 27. Nc4 Nd7 28.
Rf1+ Kg6 29. Nd5 Bf8 30. Nc7 Bg7 31. Nxe8 Rxe8 32. Rb5 Na7 33. Rb3 Nc8 34. Bb2
Re6 35. Ne5+ Nxe5 36. dxe5 1-0

[Event "2.BLS 0203 SC Eppingen - Heidelberg HSH"]
[Site "?"]
[Date "2002.12.15"]
[Round "3.1"]
[White "Ikonnikov, Viacheslav"]
[Black "Gyimesi, Zoltan"]
[Result "1/2-1/2"]
[WhiteElo "2549"]
[BlackElo "2596"]
[PlyCount "82"]
[EventDate "2002.??.??"]

1. d4 Nf6 2. Nf3 d5 3. c4 e6 4. cxd5 exd5 5. Nc3 c6 6. Bg5 h6 7. Bxf6 Qxf6 8.
e3 Bd6 9. Bd3 O-O 10. O-O Bg4 11. h3 Bh5 12. e4 dxe4 13. Nxe4 Qf4 14. g3 Qxf3
15. Qxf3 Bxf3 16. Nxd6 b6 17. Rfe1 Nd7 18. Rac1 Nf6 19. Ne4 Bxe4 20. Bxe4 Nxe4
21. Rxe4 Rac8 22. Re7 Rfd8 23. Rxa7 Rxd4 24. Rb7 Rb4 25. b3 c5 26. Rc3 Rc6 27.
Rf3 f6 28. h4 c4 29. bxc4 Rbxc4 30. Rd3 h5 31. Rd5 Ra4 32. a3 Rc3 33. Kg2 Rcxa3
34. Rdd7 Rg4 35. f3 Rg6 36. Rd8+ Kh7 37. Rdb8 Rh6 38. Rxb6 Ra2+ 39. Kh3 Ra3 40.
Kg2 Ra2+ 41. Kh3 Ra3 1/2-1/2

[Event "2.BLS 0203 SC Eppingen - Heidelberg HSH"]
[Site "?"]
[Date "2002.12.15"]
[Round "3.3"]
[White "Schwalfenberg, Joerg"]
[Black "Mann, Christian"]
[Result "0-1"]
[WhiteElo "2360"]
[BlackElo "2445"]
[PlyCount "52"]
[EventDate "2002.??.??"]

1. d4 d5 2. Nf3 Nc6 3. Bg5 Bg4 4. Nbd2 Qd7 5. e3 e6 6. c3 Nge7 7. b4 Ng6 8. b5
Na5 9. h3 Bxf3 10. Qxf3 c5 11. Bd3 cxd4 12. exd4 Rc8 13. Rc1 Bd6 14. h4 h6 15.
Be3 Ne7 16. O-O O-O 17. Rfe1 Rc7 18. g4 f5 19. gxf5 Nxf5 20. Qg4 Qf7 21. Re2
Qf6 22. h5 g5 23. c4 dxc4 24. Nxc4 Nxc4 25. Bxc4 Rxc4 26. Rxc4 Nxe3 0-1

[Event "2.BLS 0203 SC Eppingen - Heidelberg HSH"]
[Site "?"]
[Date "2002.12.15"]
[Round "3.4"]
[White "Balzar, Andreas Dr"]
[Black "Roos, Jean-Luc"]
[Result "1/2-1/2"]
[WhiteElo "2381"]
[BlackElo "2307"]
[PlyCount "69"]
[EventDate "2002.??.??"]

1. e4 c5 2. Nf3 Nc6 3. d4 cxd4 4. Nxd4 g6 5. Nc3 Bg7 6. Be3 Nf6 7. Bc4 O-O 8.
Bb3 a5 9. a4 Ng4 10. Qxg4 Nxd4 11. Qh4 Nxb3 12. cxb3 Ra6 13. O-O Re6 14. Rfe1
b6 15. f4 f5 16. e5 Bb7 17. Rad1 g5 18. Qf2 gxf4 19. Bxf4 Rg6 20. g3 e6 21. Rd6
Bc6 22. Ne2 Qc7 23. Nd4 Ba8 24. h3 Qb7 25. Kh2 Rb8 26. Nb5 Bf8 27. Rd3 Bc5 28.
Qe2 Rf8 29. Red1 Qe4 30. Qd2 Rf7 31. Nd6 Bxd6 32. Rxd6 Bc6 33. Re1 Qf3 34. Re3
Qh5 35. Qe1 1/2-1/2

[Event "2.BLS 0203 SC Eppingen - Heidelberg HSH"]
[Site "?"]
[Date "2002.12.15"]
[Round "3.5"]
[White "Nippgen, Georg"]
[Black "Miltner, Arndt"]
[Result "0-1"]
[WhiteElo "2256"]
[BlackElo "2384"]
[PlyCount "90"]
[EventDate "2002.??.??"]

1. Nf3 d6 2. d4 Nf6 3. Bf4 g6 4. e3 Bg7 5. Be2 O-O 6. O-O Nbd7 7. c4 Ne4 8. Qc2
f5 9. Rd1 Qe8 10. h3 e5 11. Bh2 b6 12. Na3 a6 13. Rac1 Qe7 14. b4 c5 15. bxc5
bxc5 16. dxe5 Nxe5 17. Nxe5 dxe5 18. Bf3 Bb7 19. Nb1 Rab8 20. Qa4 Qh4 21. Qc2
Rfd8 22. Kf1 Bc6 23. Bg1 Rb4 24. Rxd8+ Qxd8 25. a3 Ba4 26. Qa2 Rxb1 27. Rxb1
Nc3 28. Bd5+ Qxd5 29. cxd5 Nxa2 30. Rb8+ Bf8 31. Bh2 c4 32. Bxe5 c3 33. Bd6 c2
34. Rxf8+ Kg7 35. Rc8 c1=Q+ 36. Rxc1 Nxc1 37. f3 Bb5+ 38. Ke1 Kf6 39. e4 fxe4
40. fxe4 Nd3+ 41. Kd2 Ne5 42. Bc5 Bf1 43. Bd4 Bxg2 44. h4 Bxe4 45. Ke3 Kf5 0-1

[Event "2.BLS 0203 SC Eppingen - Heidelberg HSH"]
[Site "?"]
[Date "2002.12.15"]
[Round "3.6"]
[White "Schulze, Ulrich"]
[Black "Neunhoeffer, Helmut Dr"]
[Result "1/2-1/2"]
[WhiteElo "2353"]
[BlackElo "2337"]
[PlyCount "44"]
[EventDate "2002.??.??"]

1. d4 Nf6 2. Nf3 e6 3. c4 d5 4. Nc3 Be7 5. Bf4 O-O 6. e3 b6 7. cxd5 Nxd5 8.
Nxd5 exd5 9. Bd3 c5 10. O-O Nc6 11. Rc1 Bg4 12. h3 Bh5 13. dxc5 bxc5 14. Bxh7+
Kxh7 15. Ng5+ Bxg5 16. Qxh5+ Bh6 17. Rxc5 Ne7 18. g4 Qb6 19. Rfc1 Qg6 20. Qxg6+
Kxg6 21. Bd6 Bg5 22. Bxe7 Bxe7 1/2-1/2

[Event "2.BLS 0203 SC Eppingen - Heidelberg HSH"]
[Site "?"]
[Date "2002.12.15"]
[Round "3.7"]
[White "Syska, Albert"]
[Black "Koch, Wolfgang Max Dr"]
[Result "0-1"]
[WhiteElo "2250"]
[BlackElo "2308"]
[PlyCount "134"]
[EventDate "2002.??.??"]

1. e4 d6 2. d4 Nf6 3. Nc3 g6 4. Bf4 c6 5. h3 Bg7 6. Qd2 Nbd7 7. Nf3 b5 8. Bd3
Nb6 9. O-O O-O 10. Rfe1 Bb7 11. Bh6 b4 12. Ne2 c5 13. Bxg7 Kxg7 14. Ng3 cxd4
15. Nxd4 e5 16. Nf3 a5 17. a3 bxa3 18. Rxa3 Nbd7 19. Qg5 Nc5 20. Nd2 Na6 21.
Qe3 a4 22. Nc4 Bc6 23. Rd1 Qc7 24. c3 Rfd8 25. Raa1 Rab8 26. Rab1 h6 27. Bf1
Bb5 28. Na3 Be8 29. Nc2 Nc5 30. Nb4 Ra8 31. Bc4 Bc6 32. f3 Bb7 33. Ba2 Na6 34.
Nd3 Bc6 35. Bc4 Nb8 36. Nb4 Bb7 37. Bb5 Qa5 38. Qe2 Qb6+ 39. Kh2 Na6 40. Bxa6
Bxa6 41. Qe1 Bc4 42. Nf1 Bb3 43. Rd2 Qc7 44. Rc1 Be6 45. Ne3 a3 46. bxa3 Rxa3
47. c4 Qb6 48. Nbd5 Nxd5 49. Nxd5 Qc5 50. Rb2 Rc8 51. Rd1 Rc6 52. Rb7 Qxc4 53.
Ne7 Rc7 54. Rdb1 Ra7 55. R1b4 Raxb7 56. Rxc4 Rxc4 57. Nd5 Bxd5 58. exd5 Rd4 59.
Qa5 Rb2 60. f4 Rxf4 61. Qc7 Rf6 62. h4 h5 63. Kh3 Rb5 64. Qc4 Rc5 65. Qd3 Rf4
66. g3 Rd4 67. Qa6 Rdxd5 0-1

[Event "2.BLS 0203 Pang Rosenheim - SK Krumbach"]
[Site "?"]
[Date "2002.12.15"]
[Round "3.1"]
[White "Lechtinsky, Jiri"]
[Black "Wach, Markus"]
[Result "1-0"]
[WhiteElo "2399"]
[BlackElo "2388"]
[PlyCount "61"]
[EventDate "2002.??.??"]

1. d4 d5 2. c4 c6 3. cxd5 cxd5 4. Nf3 Nf6 5. Nc3 Nc6 6. Bf4 Ne4 7. e3 Nxc3 8.
bxc3 g6 9. Ne5 Qa5 10. Qb3 Bg7 11. Bb5 Bxe5 12. Bxe5 O-O 13. Bf4 Bf5 14. O-O
Rac8 15. Be2 Nd8 16. Rfc1 Kg7 17. Qb2 Rc6 18. Qb4 Qxb4 19. cxb4 Rxc1+ 20. Rxc1
Nc6 21. g4 Be6 22. b5 Na5 23. Rc7 Rc8 24. Rxe7 Rc2 25. Bf3 Rxa2 26. Be5+ Kf8
27. Bd6 Kg7 28. Re8 Nc4 29. Bf8+ Kf6 30. Be7+ Kg7 31. g5 1-0

[Event "2.BLS 0203 Pang Rosenheim - SK Krumbach"]
[Site "?"]
[Date "2002.12.15"]
[Round "3.2"]
[White "Grundherr, Martin"]
[Black "Egger, Thomas"]
[Result "1/2-1/2"]
[WhiteElo "2343"]
[BlackElo "2307"]
[PlyCount "136"]
[EventDate "2002.??.??"]

1. e4 e6 2. d4 d5 3. Nc3 Bb4 4. Qf3 dxe4 5. Qxe4 Nf6 6. Qh4 Bd7 7. Bd3 Bc6 8.
Nge2 Nbd7 9. Bd2 Nb6 10. O-O-O Qd7 11. Kb1 Be7 12. Qg3 O-O-O 13. Rhe1 Kb8 14.
f3 h6 15. Ne4 g5 16. Qf2 Bb5 17. Bc1 Bxd3 18. Rxd3 Nbd5 19. a3 Nb6 20. b3 Qc6
21. Bb2 Rhf8 22. Nxf6 Bxf6 23. Ng3 Nd5 24. Ne4 Be7 25. g3 a5 26. c4 Nb6 27. a4
Bb4 28. Red1 g4 29. Nf6 gxf3 30. Qxf3 Qxf3 31. Rxf3 Nc8 32. Kc2 Nd6 33. g4 Ne8
34. Rdf1 Nxf6 35. Rxf6 c5 36. Rxf7 Rxf7 37. Rxf7 cxd4 38. Kd3 e5 39. Ke4 Bd6
40. Rf5 Bc7 41. Rf3 Rg8 42. h3 h5 43. gxh5 Rg5 44. h6 Rh5 45. Bc1 Rh4+ 46. Kd5
e4 47. Rf8+ Ka7 48. Kxd4 Bb6+ 49. c5 e3+ 50. Kd3 Bxc5 51. Rf3 Rxh6 52. Bxe3
Bxe3 53. Kxe3 b5 54. axb5 Kb6 55. Kf4 Kxb5 56. Kg5 Rh8 57. h4 Rg8+ 58. Kf5 Rf8+
59. Kg4 Rg8+ 60. Kh3 Kb4 61. h5 Rh8 62. Kh4 Ka3 63. Rf5 Kb4 64. Rf3 Ka3 65. Kg5
Rg8+ 66. Kh6 Kb4 67. Kh7 Rg5 68. h6 Rg1 1/2-1/2